All the White Spaces (Record no. 12260)

MARC details
000 -LEADER
fixed length control field 00251nam a22000977a 4500
008 - FIXED-LENGTH DATA ELEMENTS--GENERAL INFORMATION
fixed length control field 230418b |||||||| |||| 00| 0 eng d
020 ## - INTERNATIONAL STANDARD BOOK NUMBER
International Standard Book Number 9781789097832
100 ## - MAIN ENTRY--PERSONAL NAME
Personal name Wilkes Ally
9 (RLIN) 7666
245 ## - TITLE STATEMENT
Title All the White Spaces
260 ## - PUBLICATION, DISTRIBUTION, ETC. (IMPRINT)
Place of publication, distribution, etc. London
Name of publisher, distributor, etc. Titan Books
Date of publication, distribution, etc. 2022
Holdings
Withdrawn status Lost status Source of classification or shelving scheme Damaged status Koha normalized classification for sorting Not for loan Home library Current library Shelving location Date acquired Total Checkouts Total Renewals Full call number Barcode Date last seen Date last checked out Price effective from Koha item type
    Dewey Decimal Classification   WIL_823_000000000000000   Good Samaritan School Library Good Samaritan School Library FICTION 04/18/2023 4 1 WIL823 WIL17433 04/08/2025 12/11/2024 04/18/2023 BOOK

Powered by Koha